ბათუმის შოთა რუსთაველის სახელმწიფო უნივერსიტეტის ბიბლიოთეკა

How Man Became (ბიბ.ჩანაწერი № 60577)

000 -LEADER
fixed length control field 00440nam a22001577a 4500
005 - DATE AND TIME OF LATEST TRANSACTION
control field 20230911153156.0
008 - FIXED-LENGTH DATA ELEMENTS--GENERAL INFORMATION
fixed length control field 230911s1972 enk||||| |||| 00| 0 eng d
041 ## - LANGUAGE CODE
Language code of text/sound track or separate title eng
080 ## - UNIVERSAL DECIMAL CLASSIFICATION NUMBER
Universal Decimal Classification number 572 M-17
100 ## - MAIN ENTRY--PERSONAL NAME
Personal name Morris, Margery
9 (RLIN) 19796
245 ## - TITLE STATEMENT
Title How Man Became
Statement of responsibility, etc. Margery Morris.
264 ## - PRODUCTION, PUBLICATION, DISTRIBUTION, MANUFACTURE, AND COPYRIGHT NOTICE
Place of production, publication, distribution, manufacture Baltimore,
Date of production, publication, distribution, manufacture, or copyright notice 1972.
300 ## - PHYSICAL DESCRIPTION
Extent 48 p:
Other physical details ill;.
Dimensions 21 cm.
653 ## - INDEX TERM--UNCONTROLLED
keyword როგორ გახდა ადამიანი
942 ## - ADDED ENTRY ELEMENTS (KOHA)
Source of classification or shelving scheme
Koha item type წიგნი
ეგზემპლარები
Withdrawn status Lost status Source of classification or shelving scheme Damaged status Not for loan Permanent Location Current Location Shelving location Date acquired Cost, normal purchase price Full call number Barcode Date last seen Copy number Uniform Resource Identifier Price effective from Koha item type Public note
          ბათუმის შოთა რუსთაველის სახელმწიფო უნივერსიტეტის მთავარი ბიბლიოთეკა ბათუმის შოთა რუსთაველის სახელმწიფო უნივერსიტეტის მთავარი ბიბლიოთეკა წიგნსაცავი 2023-09-11 4.00 572 M-17 65193 2023-09-11 65193 ბსუ-ს საპატიო დოქტორის გურამ ლორთქიფანიძის საჩუქარი 2023-09-11 წიგნი 4 ლ.